Quizzes
Events
Quiz Creation
Community
Videos
Private Events
Remove Ads
Sign In
Join for FREE
Feedback
Dark Mode
Quiz Categories
Sports
Geography
Music
Movies
Television
Just For Fun
Miscellaneous
History
Literature
Language
Science
Gaming
Entertainment
Religion
Holiday
For Kids
Quiz Lab
Recent
Popular Today
Quiz Kudos Today
Editor Picks
Curator Picks
Quizzes by...
Day
Popularity
Type
Ratings
Length
Year
Community
Subscriptions
Recent Discussions
Orange Saloon
Badges
Playlists
Quests
Create
Leaderboards
Showdown
Live 5
Trivia Bingo
Activity
Puzzle Library
Sporcle Events
Private Events
Virtual Trivia
Globe League
Become a Host
Pub Owners
SporcleCon
Opinionation
Our Games
Videos
Blog
Mobile Apps
Partnerships
Remove Ads and Go Orange
Feedback
Science
Computer
Plants
Astronomy
Chemistry
Elements
Math
Animal
Physics
Anatomy
Biology
Geology
General Science
Science
Computer
Plants
Astronomy
Chemistry
Elements
Math
Animal
Physics
Anatomy
Biology
Geology
General Science
Random Quiz
Search Sporcle
×
Quiz Lab
Quiz Lab
Science
muscle
Click on regions of an image
Click on regions of an image
Picture Click
Best Score? Go Orange.
Parts of a Muscle Fiber Stats
Can you Identify the Parts of a Muscle Fiber?
By
ANS205_study
10m
8 Questions
2,387 Plays
2,387 Plays
2,387 Plays
Comments
Comments
Give Quiz Kudos
Give Quiz Kudos
-
- Ratings
hide this ad
Forced Order
Answers have to be entered in order
Answers have to be entered in order
Replay
Link that replays current quiz
Next Quiz
Link to next quiz in quiz playlist
You Got
0%
They Got
Avg Score
72%
Avg Friend Score
Upgrade to see
Score Distribution
Jump to the score distribution portion of the page
Score
0/8
Timer
10:00
0
Plays Today
% Correct
Mitochondria
80.8%
Nucleus
80.8%
T-Tubules
77%
Thick Filament
73.8%
Sarcoplasmic Reticulum
70%
Thin Filament
67.7%
Sarcolemma
65.7%
Myofibril
64.8%
Quiz Playlist
Details
Report
Send in Message
Add To Playlist
Picture Click:
Click on regions of an image
Forced Order:
Answers have to be entered in order
Last Updated: Feb 16, 2017
Quiz Scoreboard
CHALLENGE
Sign Up to Join the Scoreboard
Show All
Scores
Hide
Comments
May contain spoilers
Recently Published
Movies - When Are They Set?
by FPL_Elf
Movies
5m
Popular People in 1961
by mucciniale
History
6m
1-10 Letter E Words III
by El_Dandy
Language
2m
More to Explore
Quiz From the Vault
Featured Blog Post
Where Did the Easter Bunny Come From?
hide this ad
You Might Also Like...
Tags
Fiber
Identify
muscle
Today's Top Quizzes in Science
Browse Science
hide this ad
Today's Top Quizzes in muscle
Browse muscle
Top Contributed Quizzes in Science
1
Quick Pick: 'CI-CJ' Animals
2
One Thing in Common: Science
3
One Thing in Common: Science III
4
Elements In Images
5
Quick Pick: Radians
6
Sporcle Puzzle Hunt: Science
7
Square Numbers Scrambled (1-50)
8
One Thing in Common: Science II
9
Glycolysis
10
1 to 50
Explore More
Trending Topics
NBA
Anime
Disney
Harry Potter
Kpop
Crossword
Marvel
Song
Country
The Office
WWE
Puzzle
Pokémon
NFL
Soccer
hide this ad
More By:
ANS205_study
Quiz
Plays
Rating
Category
Featured
Created
Parts of the Heart
3,784
4.20
Science
Apr 24, 2016
Parts of a Muscle Fiber
2,387
Science
Apr 24, 2016
Muscles (1)
1,881
Science
Apr 25, 2016
Structures of the Kidney
1,534
Science
Apr 24, 2016
Parts of the Nephron
622
5.00
Science
Apr 24, 2016
Go to Creator's Profile
Score Distribution
Quiz Creator Spotlight
ANS205_study
Follow
Send a Message
Quizzes Created
-
Created Quiz Play Count
-
More By This Creator
Popular Quizzes Today
1
Find the Countries of Europe - No Outlines Minefield
2
Find the US States - No Outlines Minefield
3
The Countries of the World
4
Popular People in 1961
5
US States
6
1-10 Letter E Words III
7
Find the US States
8
One Thing in Common: World Cities II
More Science Quizzes
Mustelids Crosswords
Quiz Lab
Trending Quizzes
Risky Map Clicking: Least Populous States A-Z
1-10 Letter F Words
Humor Books: The Subtitles
1-10 Letter G Words
One Thing in Common: United Kingdom
Recently Updated
Leaping Animals
pecheneg
Reality TV Shows (A-Z)
bhenderson79
Rickey Henderson's Hall of Fame Teammates
pecheneg
Champions League XIs: Arsenal
pecheneg
Quick Pick: Celebrities in WWE's Hall of Fame
aduchscher
A-Z Keypad Blitz II
pecheneg
Multiple Oscar Actors
pecheneg
Mystery Phrase Blitz: Oscar 'Best Actors'
pecheneg
F. Scott Fitzgerald Novels
LTH
Pick 3 Villains
ddd62291
Trending Topics
Anime
NBA
Crossword
Disney
Harry Potter
Kpop
Marvel
Puzzle
Country
NFL
The Office
Song
Soccer
WWE
Pokémon
Your Account Isn't Verified!
In order to create a playlist on Sporcle, you need to verify the email address you used during registration. Go to your
Sporcle Settings
to finish the process.
Report this User
Report this user for behavior that violates our
Community Guidelines
.
Details:
Send Report
Go to the Sporcle.com Mobile Site →
Comments